¿Busca el nuevo capitalismo, un nuevo trabajador ? /
Las características del actual capitalismo, a diferencia del anterior, se articulan a partir de la reinvención discontinua de las instituciones, la especialización flexible de la producción y la concentración sin centralización del poder. Según Sennet, estos cambios, cuya base es la configuración de...
Enregistré dans:
| Auteur principal: | |
|---|---|
| Format: | Texte |
| Sujets: | |
| Tags: |
Ajouter un tag
Pas de tags, Soyez le premier à ajouter un tag!
|
MARC
| LEADER | 00000 a a2200000 04500 | ||
|---|---|---|---|
| 001 | 18279 | ||
| 003 | |||
| 040 | |||
| 100 | |a Varela Gómez, Milagros | ||
| 245 | |a ¿Busca el nuevo capitalismo, un nuevo trabajador ? / |c Milagros Varela Gómez | ||
| 520 | |a Las características del actual capitalismo, a diferencia del anterior, se articulan a partir de la reinvención discontinua de las instituciones, la especialización flexible de la producción y la concentración sin centralización del poder. Según Sennet, estos cambios, cuya base es la configuración de tiempo y del espacio, acicateada por las innovaciones tecnológicasa, pueden leerse como una reacción contra la jaula de bierro de la burocracia y de la rutina del capitalismo clásico. VARELA GOMEZ/RRA | ||
| 650 | |a CAPITALISMO | ||
| 650 | |a CAMBIO SOCIAL | ||
| 650 | |a TRABAJADORES | ||
| 773 | |g número 96; páginas 149-150 | ||
| 999 | |c 39336 |d 39336 | ||
